Kristen Bell Movies! - Statistics

General Stats
  • This quiz has been taken 10 times
  • The average score is 8 of 49
Answer Stats
Hint Answer % Correct
2013 Frozen
90%
2019 Frozen II
90%
2009 Couples Retreat
40%
2008 Forgetting Sarah Marshall
40%
2013 The Lifeguard
30%
2014 Veronica Mars
30%
2017 A Bad Moms Christmas
20%
2016 Bad Moms
20%
2017 CHIPS
20%
2010 Get Him to the Greek
20%
2012 Hit and Run
20%
2013 Movie 43
20%
1998 Polish Wedding
20%
2001 Pootie Tang
20%
2016 The Boss
20%
2010 When in Rome
20%
2010 You Again
20%
2009 Astro Boy
10%
2012 Big Miracle
10%
2010 Burlesque
10%
2005 Deepwater
10%
2009 Fanboys
10%
2006 Fifty Pills
10%
2004 Gracie's Choice
10%
2017 How to be A Latin Lover
10%
2005 Last Days of America
10%
2018 Like Father
10%
TBD Molly and the Moon
10%
2002 People Are Dead
10%
2006 Pulse
10%
2021 Queenpins
10%
2018 Ralph Breaks the Internet
10%
2005 Reefer Madness: The Movie Musical
10%
2006 Roman
10%
2012 Safety Not Guaranteed
10%
2011 Scream 4
10%
2009 Serious Moonlight
10%
2013 Some Girl(S)
10%
2004 Spartan
10%
2012 Stuck in Love.
10%
2018 Teen Titans GO! To the Movies
10%
2002 The Cat Returns
10%
2017 The Disaster Artist
10%
TBD The People We Hate At the Wedding
10%
2016 Zootopia
10%
TBD Frozen III
0%
2019 Paradise Hills
0%
2018 Rebellious Children of the Unconscious
0%
2003 The King and Queen of Moonlight Bay
0%
No matching quizzes found
Score Distribution
Percent of People with Each Score
Percentile by Number Answered
Your Score History
You have not taken this quiz